[Event "World Cup 2017"]
[Site "Tbilisi"]
[Date "2017.09.08"]
[Round "16.1"]
[White "Radjabov Teimour (AZE)"]
[Black "Artemiev Vladislav (RUS)"]
[Result "1/2-1/2"]
[BlackElo "2692"]
[WhiteElo "2742"]
[LiveChessVersion "1.4.8"]

1. e4 {[%clk 0:05:06]} c5 {[%clk 0:05:04]} 2. Nf3 {[%clk 0:05:08]} a6
{[%clk 0:05:06]} 3. c4 {[%clk 0:05:05]} e6 {[%clk 0:05:06]} 4. Nc3
{[%clk 0:05:05]} Qc7 {[%clk 0:05:05]} 5. d4 {[%clk 0:05:04]} cxd4 6. Nxd4
{[%clk 0:05:06]} Nf6 {[%clk 0:05:08]} 7. Be3 {[%clk 0:04:44]} b6 {[%clk 0:05:00]}
8. Rc1 {[%clk 0:04:33]} Bb7 {[%clk 0:05:02]} 9. f3 {[%clk 0:04:34]} Bd6
{[%clk 0:04:51]} 10. g3 {[%clk 0:04:33]} h5 {[%clk 0:04:40]} 11. Qd2
{[%clk 0:04:30]} Be7 {[%clk 0:04:36]} 12. Be2 {[%clk 0:04:11]} d6
{[%clk 0:04:06]} 13. O-O {[%clk 0:03:45]} Nbd7 {[%clk 0:03:58]} 14. Qe1
{[%clk 0:03:13]} O-O {[%clk 0:03:48]} 15. Qf2 {[%clk 0:03:15]} Ne5
{[%clk 0:03:19]} 16. Rfd1 {[%clk 0:02:53]} Rac8 {[%clk 0:03:15]} 17. b3
{[%clk 0:02:55]} Qb8 {[%clk 0:02:31]} 18. Rc2 {[%clk 0:02:32]} Rc7
{[%clk 0:02:10]} 19. Rdc1 {[%clk 0:02:21]} Rfc8 {[%clk 0:02:11]} 20. h3
{[%clk 0:02:00]} d5 {[%clk 0:01:09]} 21. f4 {[%clk 0:01:54]} Ned7
{[%clk 0:00:52]} 22. e5 {[%clk 0:01:47]} Ne4 {[%clk 0:00:54]} 23. Nxe4
{[%clk 0:01:48]} dxe4 {[%clk 0:00:55]} 24. Bxh5 {[%clk 0:01:44]} Nc5
{[%clk 0:00:57]} 25. Qe2 {[%clk 0:01:34]} Nd3 {[%clk 0:00:55]} 26. Rf1
{[%clk 0:01:34]} Bc5 {[%clk 0:00:57]} 27. Rd2 {[%clk 0:01:00]} Rd7
{[%clk 0:00:55]} 28. Nc2 {[%clk 0:01:02]} b5 {[%clk 0:00:44]} 29. Bxc5
{[%clk 0:01:04]} Rxc5 {[%clk 0:00:46]} 30. Ne3 {[%clk 0:01:07]} Qd8
{[%clk 0:00:44]} 31. Rdd1 {[%clk 0:00:58]} Qb6 {[%clk 0:00:27]} 32. Kh2
{[%clk 0:00:50]} Rc8 {[%clk 0:00:29]} 33. h4 {[%clk 0:00:36]} Rcd8
{[%clk 0:00:31]} 34. Bg4 {[%clk 0:00:35]} Qa5 {[%clk 0:00:27]} 35. Kg1
{[%clk 0:00:23]} Qc3 {[%clk 0:00:23]} 36. h5 {[%clk 0:00:22]} bxc4
{[%clk 0:00:11]} 37. bxc4 {[%clk 0:00:24]} Nc5 {[%clk 0:00:09]} 38. Rxd7
{[%clk 0:00:10]} Rxd7 {[%clk 0:00:11]} 39. Rd1 {[%clk 0:00:06]} Rxd1+
{[%clk 0:00:11]} 40. Nxd1 {[%clk 0:00:07]} Qxg3+ {[%clk 0:00:13]} 41. Qg2
{[%clk 0:00:08]} Qxf4 {[%clk 0:00:13]} 42. Be2 {[%clk 0:00:07]} Qxe5
{[%clk 0:00:11]} 43. Ne3 {[%clk 0:00:09]} Qf4 {[%clk 0:00:10]} 44. Ng4
{[%clk 0:00:09]} Kh7 {[%clk 0:00:09]} 45. h6 {[%clk 0:00:11]} gxh6
{[%clk 0:00:10]} 46. Qh3 {[%clk 0:00:12]} Qg5 {[%clk 0:00:05]} 47. Kf1
{[%clk 0:00:15]} Qf4+ {[%clk 0:00:05]} 48. Kg1 {[%clk 0:00:16]} Qg5
{[%clk 0:00:07]} 49. Kf1 {[%clk 0:00:15]} Qf4+ {[%clk 0:00:09]} 1/2-1/2